Budoucnost úpravy smluvního práva v Evropské unii

Problematika harmonizácie zmluvného práva v Európskej únii. Roztrieštenosť zmluvného práva na vnútornom trhu. Štyri návrhy riešenia problému nejednotnej aplikácie zmluvného práva. Súčasný stav úpravy zmluvného práva platného na vnútornom trhu Európskej únie. Existujúca legislatíva. Dopady aplikácie...

Descrizione completa

Salvato in:
Dettagli Bibliografici
Autore principale: Knoblochová, Věra
Natura: Capitolo di libro
Lingua:ceco
Soggetti:
Tags: Aggiungi Tag
Nessun Tag, puoi essere il primo ad aggiungerne!!

MARC

LEADER 00000naa a2200000 4500
001 r045388
005 20230929115956.6
041 0 |a cze 
044 |a SK 
245 1 0 |a Budoucnost úpravy smluvního práva v Evropské unii  |c Věra Knoblochová 
520 |a Problematika harmonizácie zmluvného práva v Európskej únii. Roztrieštenosť zmluvného práva na vnútornom trhu. Štyri návrhy riešenia problému nejednotnej aplikácie zmluvného práva. Súčasný stav úpravy zmluvného práva platného na vnútornom trhu Európskej únie. Existujúca legislatíva. Dopady aplikácie zmluvného práva na fungovanie vnútorného trhu. Jednotná aplikácia komunitárneho práva. 
610 2 0 |a právo zmluvné 
610 2 0 |a právo komunitárne 
610 2 0 |a zmluvy medzinárodné 
610 2 0 |a Európska únia 
100 1 |a Knoblochová, Věra